[Event "Buenos Aires Duchamp Boca op 3rd"]
[Site "Buenos Aires"]
[Date "2013.06.25"]
[Round "5"]
[White "Arguinariz, Enrique"]
[Black "Krysa, Leandro Sergio"]
[Result "0-1"]
[WhiteElo "2085"]
[BlackElo "2411"]
[PlyCount "108"]
[EventDate "2013.06.20"]
[EventType "swiss"]
[EventRounds "9"]
[EventCountry "ARG"]
[SourceTitle "CBM 155 Extra"]
[Source "ChessBase"]
[SourceDate "2013.08.26"]
[SourceVersion "1"]
[SourceVersionDate "2013.08.26"]
[SourceQuality "1"]

1. Nf3 Nf6 2. c4 c5 3. Nc3 d5 4. cxd5 Nxd5 5. g3 Nc6 6. Bg2 Nc7 7. 0-0 e5 8. d3 Be7 9. Bd2 0-0 10. Rc1 Rb8 11. Ne1 Be6 12. Na4 Na6 13. Bxc6 bxc6 14. b3 Bh3 15. Ng2 Qd5 16. f3 Nb4 17. Nc3 Qd8 18. Be3 Nd5 19. Nxd5 cxd5 20. Bxc5 Bxc5+ 21. Rxc5 Qb6 22. Qc1 Rbc8 23. d4 exd4 24. Rxc8 Rxc8 25. Qd1 Rc3 26. Kh1 Qc5 27. Re1 Bxg2+ 28. Kxg2 h6 29. Kf1 Rc2 30. Qd3 Rxa2 31. Rd1 Qc8 32. Kg2 Qe6 33. Rd2 Rxd2 34. Qxd2 Qb6 35. Qd3 g6 36. h4 h5 37. f4 Kg7 38. f5 Qf6 39. fxg6 fxg6 40. Qf3 Qe5 41. Kf2 a5 42. Ke1 Qf5 43. Kd2 Kf6 44. Kc1 d3 45. Qxd3 Qxd3 46. exd3 Kf5 47. Kb2 Kg4 48. Ka3 Kxg3 49. Ka4 Kxh4 50. Kxa5 g5 51. b4 g4 52. b5 g3 53. b6 g2 54. b7 g1Q 0-1

[Event "Buenos Aires River Plate op"]
[Site "Buenos Aires"]
[Date "2013.05.04"]
[Round "1.3"]
[White "Bleuer, Leonardo"]
[Black "Arguinariz, Enrique"]
[Result "0-1"]
[WhiteElo "1654"]
[BlackElo "2083"]
[PlyCount "102"]
[EventDate "2013.05.04"]
[EventType "swiss"]
[EventRounds "7"]
[EventCountry "ARG"]
[SourceTitle "EXT 2024"]
[Source "ChessBase"]
[SourceDate "2023.10.10"]
[SourceVersion "1"]
[SourceVersionDate "2023.10.10"]
[SourceQuality "1"]

1. e4 c5 2. Nc3 Nc6 3. d3 g6 4. g3 Bg7 5. Bg2 d6 6. Nge2 e6 7. f4 Nge7 8. 0-0 0-0 9. a3 Rb8 10. h3 b5 11. g4 f5 12. exf5 exf5 13. g5 d5 14. Re1 d4 15. Nb1 Be6 16. Nd2 Bd5 17. Nf3 Qd7 18. Ng3 Rfe8 19. Bd2 Bf7 20. Nf1 Nd5 21. Re2 Rxe2 22. Qxe2 Qc7 23. Qf2 Nxf4 24. Bxf4 Qxf4 25. Re1 Kf8 26. h4 Ne5 27. N1d2 Ng4 28. Qf1 Ne3 29. Qf2 Bd5 30. Re2 Nxc2 31. Nf1 Ne3 32. Nxe3 dxe3 33. Rxe3 Bxf3 34. Rxf3 Qc1+ 35. Qf1 Qxb2 36. Kh1 Re8 37. Rf2 Qd4 38. Rf4 Qc3 39. Be4 Kg8 40. Bd5+ Kh8 41. Kg2 Bd4 42. Be4 Qd2+ 43. Kh3 Be5 44. Rf2 Qe3+ 45. Rf3 Qd4 46. h5 Qd7 47. Kh4 Kg8 48. Bxf5 gxf5 49. Rxf5 Qd4+ 50. Kh3 Qe3+ 51. Rf3 Qxg5 0-1

[Event "ARG-ch 87th"]
[Site "Villa Martelli"]
[Date "2013.04.11"]
[Round "9"]
[White "Arguinariz, Enrique"]
[Black "Lopez, Sebastian"]
[Result "1-0"]
[WhiteElo "2082"]
[BlackElo "2013"]
[PlyCount "81"]
[EventDate "2013.04.03"]
[EventType "swiss"]
[EventRounds "11"]
[EventCountry "ARG"]
[SourceTitle "CBM 153 Extra"]
[Source "ChessBase"]
[SourceDate "2013.04.22"]
[SourceVersion "1"]
[SourceVersionDate "2013.04.22"]
[SourceQuality "1"]

1. c4 Nf6 2. Nc3 e6 3. d4 Bb4 4. Qc2 0-0 5. Nf3 b6 6. e4 Bb7 7. Bd3 h6 8. 0-0 Bxc3 9. bxc3 d6 10. Ba3 c5 11. Rad1 Qc7 12. Qe2 Nbd7 13. d5 e5 14. Nh4 Rfe8 15. Nf5 Nf8 16. Bc1 Ng6 17. Qf3 Qd8 18. g4 Nh7 19. Qg3 Bc8 20. Kh1 Qf6 21. Rg1 Bxf5 22. gxf5 Ne7 23. Rg2 Kh8 24. Rdg1 Rg8 25. h4 Rae8 26. Qh3 g6 27. Bxh6 Nxf5 28. Bg5 Qg7 29. exf5 e4 30. fxg6 fxg6 31. Be2 Qe5 32. Bg4 Rg7 33. Bh6 Rf7 34. Be6 Rf3 35. Qg4 Rf6 36. Bg5 Rf3 37. h5 Qxc3 38. hxg6 Rxe6 39. dxe6 Nxg5 40. Qxg5 Rh3+ 41. Rh2 1-0

[Event "ARG-ch 87th"]
[Site "Villa Martelli"]
[Date "2013.04.10"]
[Round "8"]
[White "Pineiro, Dario"]
[Black "Arguinariz, Enrique"]
[Result "1-0"]
[WhiteElo "2194"]
[BlackElo "2082"]
[PlyCount "51"]
[EventDate "2013.04.03"]
[EventType "swiss"]
[EventRounds "11"]
[EventCountry "ARG"]
[SourceTitle "CBM 153 Extra"]
[Source "ChessBase"]
[SourceDate "2013.04.22"]
[SourceVersion "1"]
[SourceVersionDate "2013.04.22"]
[SourceQuality "1"]

1. d4 d5 2. c4 e6 3. Nc3 c5 4. cxd5 exd5 5. Nf3 Nc6 6. dxc5 d4 7. Na4 Bg4 8. a3 Nf6 9. b4 Be7 10. Bb2 Bxf3 11. exf3 Qc7 12. Be2 Rd8 13. 0-0 Nd5 14. b5 Nc3 15. Qc2 Nxa4 16. Qxa4 Qa5 17. Qc2 Ne5 18. Qe4 Ng6 19. Bxd4 0-0 20. Rfd1 Rfe8 21. Qc2 Nf4 22. Bc4 Rc8 23. Qf5 Ne6 24. Bxe6 fxe6 25. Qxe6+ Kh8 26. Qf7 1-0

[Event "ARG-ch 87th"]
[Site "Villa Martelli"]
[Date "2013.04.09"]
[Round "7"]
[White "Arguinariz, Enrique"]
[Black "Galleto, Ricardo"]
[Result "1-0"]
[WhiteElo "2082"]
[BlackElo "2014"]
[PlyCount "93"]
[EventDate "2013.04.03"]
[EventType "swiss"]
[EventRounds "11"]
[EventCountry "ARG"]
[SourceTitle "CBM 153 Extra"]
[Source "ChessBase"]
[SourceDate "2013.04.22"]
[SourceVersion "1"]
[SourceVersionDate "2013.04.22"]
[SourceQuality "1"]

1. Nf3 e5 2. Nxe5 Nc6 3. Nxc6 dxc6 4. d4 Bf5 5. e3 Qd7 6. Bd3 0-0-0 7. 0-0 Nf6 8. Re1 Re8 9. Bxf5 Qxf5 10. Qd3 Qd7 11. Nc3 h5 12. e4 c5 13. dxc5 Bxc5 14. Qxd7+ Kxd7 15. Be3 Kc6 16. Bxc5 Kxc5 17. Rad1 Rd8 18. f3 Rhe8 19. Kf2 b5 20. Ke3 g5 21. Rxd8 Rxd8 22. Rd1 Rxd1 23. Nxd1 Kd6 24. Nc3 a6 25. Ne2 c5 26. Ng3 Ke5 27. Nf5 h4 28. g3 hxg3 29. hxg3 Nh5 30. Nh6 Ke6 31. Kf2 a5 32. Nf5 Nf6 33. Ng7+ Ke5 34. Ke3 Kd6 35. f4 gxf4+ 36. gxf4 Nd7 37. Ne8+ Kc6 38. e5 Nb6 39. Ke4 b4 40. f5 a4 41. b3 axb3 42. axb3 Kd7 43. Nd6 f6 44. Nc4 Nc8 45. exf6 Na7 46. Ne5+ Kd6 47. Ng6 1-0

[Event "ARG-ch 87th"]
[Site "Villa Martelli"]
[Date "2013.04.08"]
[Round "6"]
[White "Cuevas, Alex"]
[Black "Arguinariz, Enrique"]
[Result "1-0"]
[WhiteElo "2298"]
[BlackElo "2082"]
[PlyCount "63"]
[EventDate "2013.04.03"]
[EventType "swiss"]
[EventRounds "11"]
[EventCountry "ARG"]
[SourceTitle "CBM 153 Extra"]
[Source "ChessBase"]
[SourceDate "2013.04.22"]
[SourceVersion "1"]
[SourceVersionDate "2013.04.22"]
[SourceQuality "1"]

1. e4 c5 2. Nf3 e6 3. d3 Nc6 4. g3 d6 5. Bg2 g6 6. 0-0 Bg7 7. c3 d5 8. Qe2 dxe4 9. dxe4 e5 10. Rd1 Qe7 11. b4 cxb4 12. cxb4 Bg4 13. Be3 Nd4 14. Bxd4 exd4 15. Qb5+ Qd7 16. Qxd7+ Kxd7 17. Na3 Rd8 18. Nc4 Bxf3 19. Bxf3 b5 20. Na5 Ne7 21. Be2 Rb8 22. a4 a6 23. Nb3 bxa4 24. Nxd4 Kc7 25. Rxa4 Rhd8 26. Rc1+ Kd7 27. Nb3 Nc6 28. Rxa6 Nxb4 29. Ra7+ Ke8 30. Rcc7 Nc6 31. Rxc6 Rxb3 32. Rcc7 1-0

[Event "ARG-ch 87th"]
[Site "Villa Martelli"]
[Date "2013.04.06"]
[Round "4"]
[White "Ferrara, Enzo"]
[Black "Arguinariz, Enrique"]
[Result "0-1"]
[WhiteElo "1800"]
[BlackElo "2082"]
[PlyCount "90"]
[EventDate "2013.04.03"]
[EventType "swiss"]
[EventRounds "11"]
[EventCountry "ARG"]
[SourceTitle "CBM 153 Extra"]
[Source "ChessBase"]
[SourceDate "2013.04.22"]
[SourceVersion "1"]
[SourceVersionDate "2013.04.22"]
[SourceQuality "1"]

1. d4 d5 2. c4 e6 3. Nc3 c5 4. e3 Nc6 5. Nf3 Nf6 6. Bd3 dxc4 7. Bxc4 cxd4 8. exd4 Be7 9. 0-0 0-0 10. Re1 b6 11. Bf4 Bb7 12. a3 Rc8 13. Ba2 Na5 14. Ne5 Nd5 15. Bd2 Nxc3 16. Bxc3 Bd5 17. Bb1 g6 18. Bc2 Nc4 19. Nxc4 Bxc4 20. Qg4 Bf6 21. Rad1 Qd5 22. h4 Rfd8 23. Be4 Qh5 24. Qxh5 gxh5 25. g3 Bd5 26. f3 Rd7 27. Kf2 Rcd8 28. Ke3 Bg7 29. g4 hxg4 30. fxg4 Bxe4 31. Kxe4 Rd5 32. Rd3 f5+ 33. gxf5 exf5+ 34. Ke3 Bf6 35. Kf4 Kf7 36. a4 Rg8 37. Rg3 Rxg3 38. Kxg3 Bxd4 39. Kf4 Bxc3 40. bxc3 Ra5 41. h5 Kf6 42. Re8 Rxa4+ 43. Kf3 Rc4 44. Re3 a5 45. Rd3 Kg5 0-1

[Event "Torre Blanca op"]
[Site "Buenos Aires"]
[Date "2003.12.20"]
[Round "9.2"]
[White "Olivera, Horacio"]
[Black "Arguinariz, Enrique"]
[Result "1/2-1/2"]
[WhiteElo "2260"]
[BlackElo "2112"]
[PlyCount "106"]
[EventDate "2003.12.02"]
[EventType "swiss"]
[EventRounds "9"]
[EventCountry "ARG"]
[SourceTitle "CBM 097 Extra"]
[Source "ChessBase"]
[SourceDate "2004.01.13"]
[SourceVersion "1"]
[SourceVersionDate "2004.01.13"]
[SourceQuality "1"]

1. Nf3 d5 2. c4 e6 3. d4 c5 4. e3 Nc6 5. Nc3 Nf6 6. cxd5 exd5 7. Be2 Be7 8. 0-0 0-0 9. dxc5 Bxc5 10. b3 Bg4 11. Bb2 Qd7 12. Rc1 Be7 13. Na4 Ne4 14. Nd4 Bxe2 15. Qxe2 Rac8 16. Nxc6 Rxc6 17. Rxc6 Qxc6 18. Rc1 Qd7 19. f3 b5 20. fxe4 bxa4 21. Rd1 axb3 22. axb3 Rb8 23. Rxd5 Qc6 24. Qg4 Bf6 25. Qg3 Rc8 26. Rd6 Qxe4 27. Bxf6 Rc1+ 28. Kf2 Qc2+ 29. Kf3 Rf1+ 30. Kg4 h5+ 31. Kxh5 Qh7+ 32. Kg4 gxf6 33. Rd8+ Kg7 34. Qh4 Qf5+ 35. Kg3 Qf2+ 36. Kh3 Qxe3+ 37. g3 Qe6+ 38. Qg4+ Qxg4+ 39. Kxg4 Rb1 40. Rb8 a5 41. Rb5 Kg6 42. h4 f5+ 43. Rxf5 Rxb3 44. Rxa5 Rb4+ 45. Kh3 f6 46. h5+ Kh6 47. g4 Rb3+ 48. Kh4 Rb1 49. Ra8 Rh1+ 50. Kg3 f5 51. Ra6+ Kg7 52. gxf5 Rxh5 53. Kf4 Rh1 1/2-1/2

[Event "Torre Blanca Aug 02"]
[Site "Buenos Aires"]
[Date "2002.08.29"]
[Round "7"]
[White "Pedro, Fernando Pablo"]
[Black "Arguinariz, Enrique"]
[Result "1/2-1/2"]
[WhiteElo "2259"]
[BlackElo "2308"]
[PlyCount "20"]
[EventDate "2002.08.15"]
[EventType "swiss"]
[EventRounds "7"]
[EventCountry "ARG"]
[SourceTitle "EXT 2005"]
[Source "ChessBase"]
[SourceDate "2004.11.15"]
[SourceVersion "1"]
[SourceVersionDate "2004.11.15"]
[SourceQuality "1"]

1. e4 e5 2. Nf3 Nc6 3. Bb5 a6 4. Bxc6 dxc6 5. 0-0 Bd6 6. d4 f6 7. Nc3 Bg4 8. Be3 Ne7 9. h3 Bxf3 10. Qxf3 Qd7 1/2-1/2

[Event "Torre Blanca Aug 02"]
[Site "Buenos Aires"]
[Date "2002.08.15"]
[Round "4"]
[White "Arguinariz, Enrique"]
[Black "Martello, Juan Alberto"]
[Result "1/2-1/2"]
[WhiteElo "2308"]
[BlackElo "2049"]
[PlyCount "101"]
[EventDate "2002.08.15"]
[EventType "swiss"]
[EventRounds "7"]
[EventCountry "ARG"]
[SourceTitle "EXT 2005"]
[Source "ChessBase"]
[SourceDate "2004.11.15"]
[SourceVersion "1"]
[SourceVersionDate "2004.11.15"]
[SourceQuality "1"]

1. d4 d5 2. c4 e6 3. Nc3 Nf6 4. Bg5 Be7 5. e3 0-0 6. Nf3 Nbd7 7. cxd5 exd5 8. Bd3 c6 9. Qc2 Re8 10. 0-0 Nf8 11. Rab1 g6 12. b4 a6 13. a4 Ne6 14. Bh4 Ng7 15. b5 axb5 16. axb5 Bf5 17. bxc6 bxc6 18. Ne5 Rc8 19. Rb7 Qd6 20. Bg3 Qe6 21. Na4 Bxd3 22. Nxd3 Ne4 23. Ndc5 Nxc5 24. Nxc5 Bxc5 25. Qxc5 Nf5 26. Bf4 Red8 27. Ra1 Rd7 28. Rxd7 Qxd7 29. Ra7 Qe6 30. h3 Re8 31. Rc7 Rc8 32. Ra7 Re8 33. Rc7 Rc8 34. Rxc8+ Qxc8 35. Qb4 Ng7 36. Be5 Ne6 37. Qe7 Qd8 38. Qxd8+ Nxd8 39. Bd6 f5 40. Kf1 Kf7 41. Ke2 Ke6 42. Bb4 Kd7 43. Kd3 Nb7 44. Kc3 Kc7 45. Be7 Na5 46. Kb4 Nc4 47. Kc5 Nd2 48. f3 Kd7 49. Bg5 Nc4 50. Bf4 Na5 51. g4 1/2-1/2

[Event "Metropolitano Superior op"]
[Site "Buenos Aires"]
[Date "2002.07.01"]
[Round "4.13"]
[White "Arguinariz, Enrique"]
[Black "Koch, Juan Enrique"]
[Result "1/2-1/2"]
[WhiteElo "2308"]
[BlackElo "2160"]
[PlyCount "103"]
[EventDate "2002.06.24"]
[EventType "swiss"]
[EventRounds "7"]
[EventCountry "ARG"]
[SourceTitle "CBM 089 Extra"]
[Source "ChessBase"]
[SourceDate "2002.09.10"]
[SourceVersion "2"]
[SourceVersionDate "2002.09.10"]
[SourceQuality "1"]

1. d4 Nf6 2. c4 c5 3. d5 b5 4. a4 bxc4 5. Nc3 d6 6. Nf3 g6 7. Nd2 Ba6 8. e4 Bg7 9. Bxc4 0-0 10. 0-0 Bxc4 11. Nxc4 Na6 12. Qe2 Nb4 13. f4 Nd7 14. e5 Nb6 15. Nxb6 Qxb6 16. Qe4 Rfe8 17. Be3 Rab8 18. Rf2 Na6 19. Nb5 Qb7 20. Qf3 Nc7 21. exd6 Nxb5 22. axb5 exd6 23. Ra6 Rxe3 24. Qxe3 Bd4 25. Qe2 Qxb5 26. Kf1 Bxf2 27. Kxf2 Qxb2 28. Qxb2 Rxb2+ 29. Kf3 Rb6 30. Rxa7 Rb3+ 31. Ke2 Rb2+ 32. Ke3 Rb3+ 33. Ke2 Rb2+ 34. Ke3 Rxg2 35. Rd7 Rxh2 36. Rxd6 Kf8 37. Rc6 Ke7 38. Rxc5 Kd6 39. Ra5 Rb2 40. Ra7 Kxd5 41. Rxf7 Rb3+ 42. Kf2 Ke4 43. Rxh7 Kxf4 44. Rh4+ Kf5 45. Ra4 g5 46. Rc4 g4 47. Rc8 Rb6 48. Rc5+ Kf4 49. Rc4+ Kg5 50. Rc8 Rb5 51. Kg3 Rb3+ 52. Kg2 1/2-1/2

[Event "Metropolitano Superior op"]
[Site "Buenos Aires"]
[Date "2002.06.29"]
[Round "3.13"]
[White "Benko, Francisco"]
[Black "Arguinariz, Enrique"]
[Result "1/2-1/2"]
[WhiteElo "2114"]
[BlackElo "2308"]
[PlyCount "117"]
[EventDate "2002.06.24"]
[EventType "swiss"]
[EventRounds "7"]
[EventCountry "ARG"]
[SourceTitle "CBM 089 Extra"]
[Source "ChessBase"]
[SourceDate "2002.09.10"]
[SourceVersion "2"]
[SourceVersionDate "2002.09.10"]
[SourceQuality "1"]

1. e4 c5 2. Nc3 Nc6 3. g3 d6 4. Bg2 g6 5. d3 Bg7 6. f4 e6 7. Nf3 Nge7 8. 0-0 0-0 9. Kh1 Rb8 10. g4 f5 11. gxf5 exf5 12. Re1 fxe4 13. dxe4 Bg4 14. Ne2 Qd7 15. c3 Rbd8 16. Be3 b6 17. Qb3+ Kh8 18. Rad1 Qe6 19. Ng5 Qxb3 20. axb3 h6 21. Nf3 d5 22. exd5 Nxd5 23. Rxd5 Rxd5 24. Nh4 Rd6 25. Ng3 Re8 26. h3 Bd7 27. Be4 Ne7 28. Kh2 Bf6 29. Nxg6+ Nxg6 30. Bxg6 Bxc3 31. bxc3 Rxg6 32. Re2 Rge6 33. Nf1 Bc6 34. f5 Rd6 35. Rf2 Rf6 36. Bd2 Rd8 37. c4 Rd3 38. b4 cxb4 39. Bxb4 a5 40. Be7 Rf7 41. f6 Rc3 42. Rb2 Rxc4 43. Rxb6 Rf4 44. Ne3 Rf2+ 45. Kg1 Re2 46. Nc4 Bd7 47. Nxa5 Bxh3 48. Nc4 h5 49. Nd6 Rexe7 50. fxe7 Rxe7 51. Rb8+ Kg7 52. Rb7 Rxb7 53. Nxb7 Kf6 54. Nc5 Bf5 55. Nb3 Kg5 56. Nd2 Kf4 57. Kg2 h4 58. Kh2 Ke3 59. Nc4+ 1/2-1/2

[Event "Metropolitano Superior op"]
[Site "Buenos Aires"]
[Date "2002.06.26"]
[Round "2.16"]
[White "Arguinariz, Enrique"]
[Black "Ligato, Guillermo Fernando"]
[Result "1/2-1/2"]
[WhiteElo "2308"]
[BlackElo "2098"]
[PlyCount "133"]
[EventDate "2002.06.24"]
[EventType "swiss"]
[EventRounds "7"]
[EventCountry "ARG"]
[SourceTitle "CBM 089 Extra"]
[Source "ChessBase"]
[SourceDate "2002.09.10"]
[SourceVersion "2"]
[SourceVersionDate "2002.09.10"]
[SourceQuality "1"]

1. d4 Nf6 2. c4 d6 3. Nc3 e5 4. Nf3 Nbd7 5. g3 Be7 6. Bg2 0-0 7. 0-0 c6 8. e4 Re8 9. h3 g6 10. Be3 Qc7 11. Qd2 exd4 12. Nxd4 Ne5 13. b3 a6 14. f4 Ned7 15. Qf2 Bf8 16. Rad1 Nc5 17. e5 dxe5 18. fxe5 Nh5 19. g4 Ng7 20. Nf5 gxf5 21. Bxc5 Bxc5 22. Qxc5 Rxe5 23. Nd5 Qd8 24. Nb6 Qe8 25. Qd6 Re6 26. Qc7 Re7 27. Rd8 Rxc7 28. Rxe8+ Nxe8 29. Nxa8 Re7 30. Nb6 Rc7 31. Nxc8 Rxc8 32. Rxf5 Rd8 33. Kf1 Rd1+ 34. Ke2 Ra1 35. a4 Ra2+ 36. Kf1 Rb2 37. Rf3 Kf8 38. Rc3 Ke7 39. g5 Nc7 40. Be4 Ne6 41. Bxh7 Nxg5 42. Bf5 Ne6 43. h4 Nc5 44. Re3+ Kf6 45. Bc8 Nxb3 46. Bxb7 Nd2+ 47. Ke1 Rxb7 48. Kxd2 Rb4 49. Kc3 Rxa4 50. Rf3+ Kg7 51. Kb3 Ra5 52. Kb4 Rh5 53. Rf4 a5+ 54. Ka4 Kf8 55. Rf6 Rc5 56. h5 Ke7 57. Rh6 f5 58. Rg6 f4 59. h6 f3 60. Rg3 Rxc4+ 61. Kxa5 Rf4 62. h7 Rh4 63. Rxf3 Rxh7 64. Kb6 Rh6 65. Rd3 Rd6 66. Rh3 Re6 67. Kc5 1/2-1/2

[Event "Torre Blanca Mar 02"]
[Site "Buenos Aires"]
[Date "2002.03.04"]
[Round "1"]
[White "Converset, Juan Jose"]
[Black "Arguinariz, Enrique"]
[Result "1-0"]
[WhiteElo "2245"]
[BlackElo "2308"]
[PlyCount "53"]
[EventDate "2002.03.??"]
[EventType "swiss"]
[EventRounds "7"]
[EventCountry "ARG"]
[SourceTitle "EXT 2005"]
[Source "ChessBase"]
[SourceDate "2004.11.15"]
[SourceVersion "1"]
[SourceVersionDate "2004.11.15"]
[SourceQuality "1"]

1. e4 c5 2. Nf3 e6 3. d4 cxd4 4. Nxd4 a6 5. Nc3 Qc7 6. g3 Nf6 7. Bg2 Be7 8. 0-0 0-0 9. Be3 Nc6 10. f4 d6 11. a4 Bd7 12. Bf3 Na5 13. Bf2 Nc4 14. b3 Na5 15. Nde2 Rac8 16. g4 Ne8 17. g5 f6 18. h4 fxg5 19. hxg5 Bxg5 20. Nd5 Qd8 21. Bb6 Nc7 22. Nxc7 Bxf4 23. Nxf4 Rxf4 24. Qxd6 Qg5+ 25. Bg2 Rxe4 26. Qxd7 Rd8 27. Nxe6 1-0

[Event "Buenos Aires tt2"]
[Site "Buenos Aires"]
[Date "2000.??.??"]
[Round "2"]
[White "Arguinariz, Enrique"]
[Black "Antollovich, Anibal"]
[Result "0-1"]
[WhiteElo "2245"]
[BlackElo "2090"]
[PlyCount "70"]
[EventDate "2000.??.??"]
[EventType "team"]
[EventRounds "7"]
[EventCountry "ARG"]
[SourceTitle "EXT 2001"]
[Source "ChessBase"]
[SourceDate "2000.11.22"]
[SourceVersion "1"]
[SourceVersionDate "2000.11.22"]
[SourceQuality "1"]

1. d4 Nf6 2. c4 c5 3. d5 b5 4. a4 bxc4 5. Nc3 g6 6. e4 d6 7. Bxc4 Bg7 8. f4 Nbd7 9. Nf3 Qc7 10. Qe2 0-0 11. 0-0 Nb6 12. Ba2 a5 13. Re1 Ba6 14. Qc2 Qb7 15. Bd2 Nc4 16. Bc1 Nd7 17. e5 dxe5 18. Bxc4 Bxc4 19. Qe4 Nb6 20. fxe5 Bxd5 21. Nxd5 Qxd5 22. Bg5 Qxe4 23. Rxe4 Nd5 24. Rc4 Rfc8 25. Rac1 Nb6 26. Rxc5 Rxc5 27. Rxc5 Nxa4 28. Rb5 e6 29. Bd2 Bf8 30. Bxa5 Nxb2 31. Bc3 Nd3 32. h3 Rc8 33. Bd2 h6 34. Rb7 g5 35. Nh2 Nxe5 0-1

[Event "Buenos Aires FMDA tt"]
[Site "Buenos Aires"]
[Date "1992.??.??"]
[Round "3"]
[White "Lopez, Ricardo"]
[Black "Arguinariz, Enrique"]
[Result "1/2-1/2"]
[WhiteElo "2250"]
[BlackElo "2390"]
[PlyCount "49"]
[EventDate "1992.??.??"]
[EventType "team"]
[EventRounds "9"]
[EventCountry "ARG"]
[SourceTitle "EXT 1998"]
[Source "ChessBase"]
[SourceDate "1997.11.17"]
[SourceVersion "1"]
[SourceVersionDate "1997.11.17"]
[SourceQuality "1"]

1. e4 c5 2. Nf3 e6 3. d4 cxd4 4. Nxd4 a6 5. Nc3 Qc7 6. Bd3 Nc6 7. Nb3 Nf6 8. f4 d6 9. Qf3 Be7 10. 0-0 0-0 11. Bd2 b5 12. Rae1 Bb7 13. Qg3 b4 14. Ne2 e5 15. fxe5 Nxe5 16. Ned4 a5 17. Nf5 Ng6 18. Nbd4 Rfe8 19. Nxe7+ Rxe7 20. Nb5 Qc5+ 21. Kh1 Bxe4 22. Rxf6 Bxd3 23. Rxe7 Nxe7 24. cxd3 Qxb5 25. Rxd6 1/2-1/2